000 00254nam a2200109Ia 4500
008 190914s9999||||xx |||||||||||||| ||und||
100 _aJoseph E. Stiglitz
245 0 _aEconomic
260 _aNew Delhi
_bPrentice Hall
_c2003
300 _a411
942 _cBK
999 _c8820
_d8820